| 000 | 00634nam a2200205Ia 4500 | ||
|---|---|---|---|
| 008 | 170504s9999 xx 000 0 und d | ||
| 050 | _aHD 28 | ||
| 050 | _b.B737 2016 | ||
| 100 | _aBorromeo, Marlo F. | ||
| 245 | _aLearning institute program (LIP) training management system for southville international school and colleges / | ||
| 245 | _cMarlo F. Borromeo. | ||
| 260 | _aLas PiƱas, Philippines : | ||
| 260 | _bSISC, | ||
| 260 | _c2016. | ||
| 300 | _a132 pages : | ||
| 300 | _billustrations ; | ||
| 300 | _c28 cm. | ||
| 500 | _aIncludes bibliographical references and appendices. | ||
| 521 | _aInformation Technology | ||
| 999 |
_c329773 _d329773 |
||